Sanat - "Aavistus" - Statistics

Yleistilastot
  • Tätä visaa on pelattu 6 kertaa
  • Keskiarvotulos 119 / 124
Vastaustilastot
Vastaus % Oikein
aavistus
100%
ajaton
100%
annetaan
100%
ei
100%
herkistyy
100%
hiljentää
100%
johtaa
100%
joka
100%
joulu
100%
kaikki
100%
Kerro
100%
kerro
100%
lahjat
100%
lauletaan
100%
laulut
100%
100%
mielet
100%
mieli
100%
mikä
100%
miksi
100%
Miksi
100%
mitä
100%
mulle
100%
on
100%
oon
100%
saa
100%
saapuu
100%
se
100%
selittää
100%
sen
100%
siihen
100%
silloin
100%
sitä
100%
syy
100%
taivaaseen
100%
uudelleen
100%
vaikka
100%
viesti
100%
vietetään
100%
voi
100%
epäuskoinen
67%
myös
67%
nää
67%
nään
67%
nyt
67%
tunnen
67%
valot
67%
en
33%
koskettaa
33%
mua
33%
rauhaa
33%
Ehtoja vastaavia visoja ei löytynyt
Tulosjakauma
Jokaisen tuloksen saaneiden osuus
Persentiili vastausten määrän mukaan
Tuloshistoriasi
Et ole pelannut tätä visaa